Schnelle Mathematik - Zahlen Level 09 - Statistiken

Allgemein
  • Dieses Quiz wurde 814 mal gespielt
  • Das Durchschnittsergebnis liegt bei 21 aus 30
Antwortstatistiken
Zahl Zahl % Korrekt
0 0
76%
1 1
76%
4 4
76%
5 5
76%
7 7
76%
3 3
74%
1 1
73%
0 0
72%
1 1
72%
1 1
72%
5 5
72%
5 5
72%
5 5
72%
0 0
71%
2 2
71%
6 6
71%
9 9
71%
9 9
71%
0 0
70%
1 1
70%
2 2
70%
6 6
70%
6 6
70%
7 7
70%
7 7
70%
9 9
70%
0 0
69%
1 1
69%
4 4
69%
7 7
69%
9 9
69%
0 0
68%
4 4
68%
5 5
68%
6 6
68%
8 8
68%
8 8
68%
2 2
67%
2 2
67%
3 3
67%
4 4
67%
5 5
67%
7 7
67%
8 8
67%
8 8
67%
9 9
67%
3 3
66%
3 3
66%
3 3
66%
4 4
66%
2 2
65%
3 3
65%
6 6
65%
7 7
65%
2 2
64%
8 8
62%
8 8
62%
4 4
61%
6 6
61%
9 9
60%
Keine übereinstimmenden Quizze gefunden
Verteilung der Resultate
Anzahl Personen mit jedem Resultat
Perzentil nach korrekt beantworteten Fragen
Ihre Resultats-Entwicklung
Sie haben dieses Quiz noch nicht gespielt